| Tag |
First Indicator |
Second Indicator |
Subfields |
| LEADER |
00000cam a22000001i 4500 |
| 001 |
in00004159939 |
| 005 |
20200117104330.0 |
| 006 |
m |o d | |
| 007 |
cr |n||||||||| |
| 008 |
191009t20192019nyu o 000 j eng d |
| 020 |
|
|
|a 9780698166110 (electronic bk.)
|
| 020 |
|
|
|a 0698166116 (electronic bk.)
|
| 020 |
|
|
|z 9781594633270
|
| 020 |
|
|
|z 1594633274
|
| 024 |
8 |
|
|a 99982130240
|
| 035 |
|
|
|a (NhCcYBP)EBSCO2019007
|
| 040 |
|
|
|a NhCcYBP
|c NhCcYBP
|d UtOrBLW
|
| 041 |
1 |
|
|a eng
|h heb
|
| 050 |
|
4 |
|a PJ5054.K375
|b A2 2019
|
| 082 |
0 |
4 |
|a 892.43/6
|2 23
|
| 100 |
1 |
|
|a Keret, Etgar,
|d 1967-
|e author.
|0 http://id.loc.gov/authorities/names/nr92037947
|
| 240 |
1 |
0 |
|a Short stories.
|k Selections.
|l English
|0 http://id.loc.gov/authorities/names/n2001051162
|
| 245 |
1 |
0 |
|a Fly already /
|c Etgar Keret ; translated by Sondra Silverston, Nathan Englander, Jessica Cohen, Miriam Shlesinger, Yardenne Greenspan.
|
| 250 |
|
|
|a First American edition.
|
| 264 |
|
1 |
|a New York :
|b Riverhead Books,
|c 2019.
|
| 264 |
|
4 |
|c ©2019
|
| 300 |
|
|
|a 1 online resource.
|
| 336 |
|
|
|a text
|b txt
|2 rdacontent
|
| 337 |
|
|
|a computer
|b c
|2 rdamedia
|
| 338 |
|
|
|a online resource
|b cr
|2 rdacarrier
|
| 505 |
0 |
0 |
|t Fly already --
|t One gram short --
|t The next-to-last time I was shot out of a cannon --
|t Todd --
|t Tabula Rasa --
|t Car concentrate --
|t At night --
|t Windows --
|t To the moon and back --
|t GooDeed --
|t Crumb cake --
|t Dad with mashed potatoes --
|t Arctic lizard --
|t Ladder --
|t Yad Vashem --
|t The birthday of a failed revolutionary --
|t Allergies --
|t Fungus --
|t Chips --
|t Home --
|t Pineapple crush --
|t Evolution of a breakup.
|
| 588 |
|
|
|a Description based on print version record.
|
| 500 |
|
|
|a Electronic resource.
|
| 650 |
|
0 |
|a Short stories.
|0 http://id.loc.gov/authorities/subjects/sh85121813
|
| 655 |
|
7 |
|a Electronic books.
|2 local
|
| 700 |
1 |
|
|a Silverston, Sondra,
|e translator.
|0 http://id.loc.gov/authorities/names/n2005050369
|
| 700 |
1 |
|
|a Englander, Nathan,
|e translator.
|0 http://id.loc.gov/authorities/names/n98075379
|
| 700 |
1 |
|
|a Cohen, Jessica
|c (Translator)
|0 http://id.loc.gov/authorities/names/n2002057763
|
| 700 |
1 |
|
|a Shlesinger, Miriam,
|d 1947-2012,
|e translator.
|0 http://id.loc.gov/authorities/names/n2001024849
|
| 700 |
1 |
|
|a Greenspan, Yardenne,
|e translator.
|0 http://id.loc.gov/authorities/names/n2014029187
|
| 700 |
1 |
2 |
|a Keret, Etgar,
|d 1967-
|t Fly already.
|
| 700 |
1 |
2 |
|a Keret, Etgar,
|d 1967-
|t One gram short.
|
| 700 |
1 |
2 |
|a Keret, Etgar,
|d 1967-
|t Next-to-last time I was shot out of a cannon.
|
| 700 |
1 |
2 |
|a Keret, Etgar,
|d 1967-
|t Todd.
|
| 700 |
1 |
2 |
|a Keret, Etgar,
|d 1967-
|t Tabula Rasa.
|
| 700 |
1 |
2 |
|a Keret, Etgar,
|d 1967-
|t Car concentrate.
|
| 700 |
1 |
2 |
|a Keret, Etgar,
|d 1967-
|t At night.
|
| 700 |
1 |
2 |
|a Keret, Etgar,
|d 1967-
|t Windows.
|
| 700 |
1 |
2 |
|a Keret, Etgar,
|d 1967-
|t To the moon and back.
|
| 700 |
1 |
2 |
|a Keret, Etgar,
|d 1967-
|t GooDeed.
|
| 700 |
1 |
2 |
|a Keret, Etgar,
|d 1967-
|t Crumb cake.
|
| 700 |
1 |
2 |
|a Keret, Etgar,
|d 1967-
|t Dad with mashed potatoes.
|
| 700 |
1 |
2 |
|a Keret, Etgar,
|d 1967-
|t Arctic lizard.
|
| 700 |
1 |
2 |
|a Keret, Etgar,
|d 1967-
|t Ladder.
|
| 700 |
1 |
2 |
|a Keret, Etgar,
|d 1967-
|t Ya vashem.
|
| 700 |
1 |
2 |
|a Keret, Etgar,
|d 1967-
|t Birthday of a failed revolutionary.
|
| 700 |
1 |
2 |
|a Keret, Etgar,
|d 1967-
|t Allergies.
|
| 700 |
1 |
2 |
|a Keret, Etgar,
|d 1967-
|t Fungus.
|
| 700 |
1 |
2 |
|a Keret, Etgar,
|d 1967-
|t Chips.
|
| 700 |
1 |
2 |
|a Keret, Etgar,
|d 1967-
|t Home.
|
| 700 |
1 |
2 |
|a Keret, Etgar,
|d 1967-
|t Pineapple crush.
|
| 700 |
1 |
2 |
|a Keret, Etgar,
|d 1967-
|t Evolution of a breakup.
|
| 710 |
2 |
|
|a EBSCOhost.
|
| 776 |
1 |
8 |
|i Online version:
|a Keret, Etgar, 1967- author.
|t Fly already
|d New York : Riverhead Books, [2019]
|z 9780698166110
|w (DLC) 2018042215
|
| 776 |
1 |
8 |
|c Original
|z 9781594633270
|z 1594633274
|w (DLC) 2018040497
|
| 856 |
4 |
0 |
|u http://proxy.library.tamu.edu/login?url=http://search.ebscohost.com/login.aspx?direct=true&scope=site&db=nlebk&db=nlabk&AN=2019007
|z Connect to the full text of this electronic book
|t 0
|
| 955 |
|
|
|a YBP purchased approval e-records
|
| 980 |
|
|
|b 85.00
|g 1
|
| 987 |
|
|
|a ybp300779447
|
| 999 |
f |
f |
|s 913a5789-2342-3855-8bdb-b3bd89d60faf
|i 1179d60e-121b-3c20-9a60-6825e825964d
|t 0
|
| 952 |
f |
f |
|a Texas A&M University
|b College Station
|c Electronic Resources
|d Available Online
|t 0
|e PJ5054.K375 A2 2019
|h Library of Congress classification
|
| 998 |
f |
f |
|a PJ5054.K375 A2 2019
|t 0
|l Available Online
|